000 00622nam a2200229 a 4500
999 _c3934
_d3934
001 3934
003 BD-JhCC
005 20171120122911.0
008 171118s2002 bg |||| |||| 000 0 eng d
020 _a9840416248
035 _a(BD-JhCC)
040 _aBD-JhCC
_dBD-JhCC
041 _aeng
082 _a303.4095414
_bCHO 2002
100 _aChoudhury, Serajul Islam
245 _aMiddle Class and The Social Revolution in Bengal /
_cSerajul Islam Choudhury
260 _aDhaka :
_bThe University Press Ltd
_c2002
300 _a172 p.;
_c22 cm
650 _aSocial movements
650 _aMiddle class
942 _2ddc
_cBK